[Event "GAMMA Reykjavik Open 2019"]
[Site "Reykjavik"]
[Date "2019.04.11"]
[Round "2.7"]
[White "Astaneh Lopez, Alex"]
[Black "Parligras, Mircea-Emilian"]
[Result "0-1"]
[WhiteElo "2427"]
[BlackElo "2633"]
[Annotator "ChessBase"]
[PlyCount "80"]
[EventDate "2019.04.04"]
[EventType "swiss"]
[EventCountry "ISL"]
[SourceTitle "playchess.com"]
[Source "ChessBase"]
[SourceQuality "1"]
[TimeControl "40/5400+30:1800+30"]

1. d4 {[%emt 0:16:40]} Nf6 {[%emt 0:00:00]} 2. c4 {[%emt 0:00:06]} e6 {[%emt 0:00:00]} 3. Nf3 {[%emt 0:00:08]} d5 {[%emt 0:00:11]} 4. Bg5 {[%emt 0:03:34]} dxc4 {[%emt 0:01:28]} 5. Nc3 {[%emt 0:01:45]} Bb4 {[%emt 0:09:28]} 6. e4 {[%emt 0:05:17]} h6 {[%emt 0:00:57]} 7. Bxf6 {[%emt 0:00:49]} Qxf6 {[%emt 0:00:05]} 8. Bxc4 {[%emt 0:06:24]} c5 {[%emt 0:00:42]} 9. O-O {[%emt 0:10:18]} cxd4 {[%emt 0:04:51]} 10. Nb5 {[%emt 0:03:21]} Qe7 {[%emt 0:00:36]} 11. Qxd4 {[%emt 0:00:24]} O-O {[%emt 0:00:16]} 12. e5 {[%emt 0:00:05]} Bd7 {[%emt 0:24:09]} 13. a3 {[%emt 0:01:54]} Bc5 {[%emt 0:00:23]} 14. Qf4 {[%emt 0:00:11]} Bxb5 {[%emt 0:06:01]} 15. Bxb5 {[%emt 0:00:06]} a6 {[%emt 0:00:14]} 16. Bd3 {[%emt 0:02:19]} Nc6 {[%emt 0:00:36]} 17. Qe4 {[%emt 0:00:40]} g6 {[%emt 0:00:07]} 18. h4 {[%emt 0:04:10]} h5 {[%emt 0:01:51]} 19. b4 {[%emt 0:07:37]} Bb6 {[%emt 0:00:59]} 20. Rad1 {[%emt 0:12:09]} Rfd8 {[%emt 0:03:04]} 21. Bxa6 {[%emt 0:05:36]} Rxa6 {[%emt 0:08:46]} 22. b5 {[%emt 0:00:05]} Bxf2+ {[%emt 0:05:50]} 23. Kh2 {[%emt 0:00:15]} Rxd1 {[%emt 0:00:29]} 24. Rxd1 {[%emt 0:00:03]} Rxa3 {[%emt 0:06:46]} 25. bxc6 {[%emt 0:00:05]} bxc6 {[%emt 0:00:05]} 26. Rf1 {[%emt 0:00:32]} Qc5 {[%emt 0:07:51]} 27. Qf4 {[%emt 0:03:08]} Be3 {[%emt 0:03:55]} 28. Qf6 {[%emt 0:00:02]} Ra7 {[%emt 0:03:03]} 29. Rd1 {[%emt 0:00:34]} Ra8 {[%emt 0:00:17]} 30. Rd7 {[%emt 0:02:51]} Rf8 {[%emt 0:03:32]} 31. Kg3 {[%emt 0:01:27]} Qc4 {[%emt 0:01:02]} 32. Rc7 {[%emt 0:00:40]} Qg4+ {[%emt 0:00:25]} 33. Kh2 {[%emt 0:00:02]} c5 {[%emt 0:00:36]} 34. g3 {[%emt 0:00:36]} Qe4 {[%emt 0:02:14]} 35. Ng5 {[%emt 0:01:02]} Qc2+ {[%emt 0:00:53]} 36. Kh3 {[%emt 0:00:25]} Qc1 {[%emt 0:01:32]} 37. Kg2 {[%emt 0:00:53]} Qd2+ {[%emt 0:00:29]} 38. Kh3 {[%emt 0:01:26]} Qe1 {[%emt 0:00:35]} 39. Kg2 {[%emt 0:01:15]} Qe2+ {[%emt 0:00:47]} 40. Kh3 {[%emt 0:00:00]} Bg1 {[%emt 0:00:00]} 0-1

[Event "GAMMA Reykjavik Open 2019"]
[Site "Reykjavik"]
[Date "2019.04.11"]
[Round "2.8"]
[White "Hovhannisyan, Robert"]
[Black "Van de Plassche, Bas"]
[Result "1-0"]
[WhiteElo "2630"]
[BlackElo "2376"]
[Annotator "TA"]
[PlyCount "55"]
[EventDate "2019.04.04"]
[EventType "swiss"]
[EventCountry "ISL"]
[SourceTitle "playchess.com"]
[Source "ChessBase"]
[SourceQuality "1"]

{[%evp 9,87,16,20,5,7,9,14,-9,33,30,27,31,32,31,20,31,27,3,3,3,12,11,4,8,27,9,20,15,18,0,0,0,0,-4,-3,-6,-5,-15,0,0,0,0,0,0,0,0,0,0,0,0,4,4,18,14,14,6,6,6,6,6,6,6,6,6,18,13,15,8,14,8,14,20,20,20,20,17,73,66,572,546]} 1. e4 c5 2. Nc3 Nc6 3. Bb5 Nd4 4. Nf3 a6 5. Bd3 g6 (5... Nc6 6. O-O d6 7. b3 g6 8. Bb2 Bg7 9. h3 e6 10. Na4 e5 11. Nc3 Nge7 12. a4 {½-½ (76) Andreikin,D (2719)-Carlsen,M (2835) St Petersburg 2018}) 6. Nxd4 {B23: Closed Sicilian: Lines without g3} cxd4 7. Ne2 Bg7 8. O-O {The position is equal.} d6 9. b3 Nf6 $146 ({Predecessor:} 9... e5 10. f4 Nf6 11. Ba3 Bg4 12. h3 Bh5 13. g4 Bxg4 14. hxg4 Nxg4 15. Qe1 Bf6 16. fxe5 {1-0 (30) Makridis,D (1565)-Tavoulareas,N Rio Achaea 2018}) 10. Nxd4 Nxe4 11. Bxe4 {[#] aiming for c3.} Bxd4 12. c3 Bg7 13. Qf3 Rb8 14. d4 O-O 15. Re1 b5 16. Bg5 h6 17. Bf4 Re8 18. Rad1 Qc7 19. h4 h5 20. Qg3 Bb7 21. Bxb7 Qxb7 22. Rd3 Rbc8 23. d5 Rc7 {[%cal Bc8c7,Bc7d7,Bd7d5][%mdl 32]} 24. Bxd6 Rd7 25. Bb4 Rxd5 26. Qf3 Rd7 27. Qxb7 Rxb7 28. g3 {Played: Rd3-d6} 1-0

[Event "GAMMA Reykjavik Open 2019"]
[Site "Reykjavik"]
[Date "2019.04.11"]
[Round "2.9"]
[White "Yoo, Christopher Woojin"]
[Black "Tari, Aryan"]
[Result "0-1"]
[WhiteElo "2414"]
[BlackElo "2615"]
[Annotator "RC"]
[PlyCount "130"]
[EventDate "2019.04.04"]
[EventType "swiss"]
[EventCountry "ISL"]
[SourceTitle "playchess.com"]
[Source "ChessBase"]
[SourceQuality "1"]
[TimeControl "40/5400+30:1800+30"]

1. e4 {[%emt 0:00:33]} c5 {[%emt 0:00:00]} 2. Nf3 {[%emt 0:00:07]} Nc6 {[%emt 0:00:08]} 3. d4 {[%emt 0:00:13]} cxd4 {[%emt 0:00:09]} 4. Nxd4 {[%emt 0:00:08]} Nf6 {[%emt 0:00:07]} 5. Nc3 {[%emt 0:00:09]} e5 {[%emt 0:00:06]} 6. Ndb5 {[%emt 0:00:08]} d6 {[%emt 0:00:12]} 7. Bg5 {[%emt 0:00:37]} a6 {[%emt 0:00:11]} 8. Bxf6 {[%emt 0:01:05]} gxf6 {[%emt 0:00:09]} 9. Na3 {[%emt 0:00:04]} b5 {[%emt 0:00:45]} 10. Nd5 {[%emt 0:00:28]} f5 {[%emt 0:01:18]} 11. exf5 {[%emt 0:06:22]} Bxf5 {[%emt 0:02:18]} 12. c3 {[%emt 0:09:11]} Bg7 {[%emt 0:02:33]} 13. Nc2 {[%emt 0:04:27]} O-O {[%emt 0:03:15]} 14. a4 {[%emt 0:08:52]} Ne7 {[%emt 0:21:54]} 15. Nce3 {[%emt 0:08:15]} Be6 {[%emt 0:04:24]} 16. Nxe7+ {[%emt 0:05:15]} Qxe7 {[%emt 0:00:56]} 17. axb5 {[%emt 0:00:50]} axb5 {[%emt 0:11:14]} 18. Rxa8 {[%emt 0:04:18]} Rxa8 {[%emt 0:00:03]} 19. Bxb5 {[%emt 0:04:16]} Qb7 {[%emt 0:03:32]} 20. c4 {[%emt 0:04:46]} d5 {[%emt 0:02:07]} 21. cxd5 {[%emt 0:03:01]} Qxb5 {[%emt 0:03:39]} 22. dxe6 {[%emt 0:03:19]} fxe6 {[%emt 0:01:50]} 23. Qe2 {[%emt 0:13:29]} Ra1+ {[%emt 0:03:24]} 24. Nd1 {[%emt 0:00:05]} Qb4+ {[%emt 0:01:02]} 25. Qd2 {[%emt 0:00:17]} Qe4+ {[%emt 0:01:45]} 26. Qe2 {[%emt 0:04:37]} Qxg2 {[%emt 0:13:07]} 27. Rf1 {[%emt 0:01:15]} e4 {[%emt 0:06:38]} 28. Qh5 {[%emt 0:05:19]} h6 {[%emt 0:06:02]} 29. Ke2 {[%emt 0:02:20]} Rb1 {[%emt 0:00:31]} 30. Qe8+ {[%emt 0:03:01]} Kh7 {[%emt 0:00:20]} 31. Qh5 {[%emt 0:00:07]} e3 {[%emt 0:05:07]} 32. Qf3 {[%emt 0:03:14]} Qxf3+ {[%emt 0:01:53]} 33. Kxf3 {[%emt 0:00:06]} exf2 {[%emt 0:00:13]} 34. Kxf2 {[%emt 0:00:18]} Bxb2 {[%emt 0:00:36]} 35. Ke2 {[%emt 0:01:19]} Bd4 {[%emt 0:01:45]} 36. Rf3 {[%emt 0:01:42]} e5 {[%emt 0:01:33]} 37. h3 {[%emt 0:03:24]} Kg6 {[%emt 0:00:29]} 38. Rg3+ {[%emt 0:00:34]} Kf6 {[%emt 0:01:21]} 39. Ne3 {[%emt 0:00:51]} Rb2+ {[%emt 0:00:13]} 40. Kf1 {[%emt 0:00:00]} h5 {[%emt 0:00:00]} 41. Rf3+ {[%emt 0:04:32]} Kg5 {[%emt 0:04:27]} 42. Rf5+ {[%emt 0:01:50]} Kg6 {[%emt 0:01:23]} 43. Rf3 {[%emt 0:00:10]} Kg5 {[%emt 0:06:54]} 44. Rf5+ {[%emt 0:00:44]} Kg6 {[%emt 0:00:12]} 45. Rf3 {[%emt 0:00:56]} e4 {[%emt 0:01:25]} 46. Rg3+ {[%emt 0:00:28]} Kf6 {[%emt 0:04:59]} 47. Nd5+ {[%emt 0:05:28]} Kf5 {[%emt 0:01:03]} 48. h4 {[%emt 0:04:31]} Rf2+ {[%emt 0:03:49]} 49. Ke1 {[%emt 0:00:55]} Ke5 {[%emt 0:00:12]} 50. Nb4 {[%emt 0:04:17]} Rh2 {[%emt 0:02:20]} 51. Rg5+ {[%emt 0:03:00]} Ke6 {[%emt 0:00:12]} 52. Rg6+ {[%emt 0:01:57]} Bf6 {[%emt 0:01:11]} 53. Kf1 {[%emt 0:01:03]} Rxh4 {[%emt 0:01:05]} 54. Nc2 {[%emt 0:00:37]} Kf5 {[%emt 0:01:31]} 55. Rg2 {[%emt 0:00:31]} Rh3 {[%emt 0:00:17]} 56. Rf2+ {[%emt 0:01:11]} Ke5 {[%emt 0:00:06]} 57. Rd2 {[%emt 0:01:03]} Rc3 {[%emt 0:00:32]} 58. Rf2 {[%emt 0:01:04]} h4 {[%emt 0:00:18]} 59. Kg2 {[%emt 0:00:26]} Bg5 {[%emt 0:00:06]} 60. Re2 {[%emt 0:00:35]} h3+ {[%emt 0:00:16]} 61. Kh2 {[%emt 0:00:36]} Bf4+ {[%emt 0:00:06]} 62. Kh1 {[%emt 0:00:06]} Bg3 {[%emt 0:02:12]} 63. Kg1 {[%emt 0:01:48]} Rb3 {[%emt 0:00:22]} 64. Ne3 {[%emt 0:00:58]} Rb1+ {[%emt 0:00:08]} 65. Nf1 {[%emt 0:00:05]} h2+ {[%emt 0:00:11]} 0-1

[Event "GAMMA Reykjavik Open 2019"]
[Site "Reykjavik"]
[Date "2019.04.11"]
[Round "2.10"]
[White "Lagarde, Maxime"]
[Black "Borocz, Istvan"]
[Result "1-0"]
[WhiteElo "2612"]
[BlackElo "2350"]
[Annotator "TA"]
[PlyCount "133"]
[EventDate "2019.04.04"]
[EventType "swiss"]
[EventCountry "ISL"]
[SourceTitle "playchess.com"]
[Source "ChessBase"]
[SourceQuality "1"]

{[%evp 14,133,35,42,71,64,67,40,49,54,46,12,15,14,22,12,13,0,26,20,15,33,23,0,0,0,0,0,0,0,18,0,19,-2,-10,-66,-66,-79,-79,-108,-92,-92,-92,-123,-122,-160,-116,-129,-49,-157,-49,-96,-67,-94,-66,-85,0,-84,0,-35,-37,-60,0,0,0,0,-6,-6,-4,-10,0,0,0,0,0,0,0,0,16,12,5297,5297,5210,5173,5065,4810,1923,1789,1260,925,892,817,947,959,905,868,888,952,897,878,868,865,762,762,6111,6111,6095,6095,6079,6079,5685,5691,5531,5306,5296,5238,5085,1042,5197,1024,959,926]} 1. c4 g6 2. Nc3 Bg7 3. d4 Nf6 4. e4 d6 5. Bd3 O-O 6. Nge2 Nc6 7. O-O e5 8. d5 Nb4 {E70: King's Indian: Miscellaneous lines with 4 e4, including 5 Nge2 and 5 Bd3 0-0 6 Nge2} (8... Nd4 9. Nxd4 exd4 10. Ne2 Re8 11. f3 c5 12. Bg5 b5 13. cxb5 a6 14. a4 Qc7 15. Qc2 Nd7 16. Bf4 axb5 17. axb5 Rb8 18. b4 Qb6 19. Rfc1 Bb7 20. Qd2 {1-0 (44) Ivanchuk,V (2728)-Kazhgaleyev,M (2576) Tbilisi 2017}) 9. Bb1 a5 10. a3 Na6 {White is slightly better.} 11. Bc2 c6 12. b4 $146 ({Predecessor:} 12. h3 Bd7 13. Rb1 Rc8 14. Be3 cxd5 15. cxd5 b5 16. b4 axb4 17. axb4 {1-0 (58) Laszewicz,P (2103)-Witek,T (2078) Szczyrk 2014}) 12... cxd5 13. cxd5 Bd7 14. Rb1 axb4 15. axb4 Nh5 16. Be3 Nf4 17. Qd2 Rc8 18. b5 ({Don't play} 18. Nxf4 exf4 19. Bd4 Bxd4 $15) 18... Nxe2+ 19. Nxe2 Nc5 20. Kh1 Qe7 21. b6 Kh8 22. Ng3 Qe8 23. f4 exf4 24. Rxf4 ({Better is} 24. Bxf4 $11 Qe7 25. Bg5) 24... Qe7 25. Bd4 Kg8 26. Re1 Bxd4 27. Qxd4 f6 28. Qd2 Qe5 29. Rff1 Rce8 30. Rb1 Qg5 (30... Ra8 $17 31. Qf4 Ra5) 31. Rf4 (31. Qxg5 $15 fxg5 32. Rb4) 31... Re5 (31... Ra8 $1 $17 {[%cal Ra8a2] Threatens to win with ...Ra2.} 32. Qc1 Ra2) 32. Qf2 Re7 33. Nf1 Qe5 34. Ne3 {Black should prevent Nc4.} Qc3 (34... g5 $17 35. Rf3 Nxe4 36. Bxe4 Qxe4) 35. Rf1 {[#]} (35. Rf3 $11 Qe5 36. Rf1) 35... Ref7 (35... Bb5 $1 $17 {[%cal Rb5f1]} 36. Rxf6 Rxf6 37. Qxf6 Qxf6 38. Rxf6 Nxe4) 36. e5 dxe5 37. Rc4 Qa3 ({Black should try} 37... Qa5 $15 38. Nf5 Bxf5 39. Bxf5 gxf5 40. Qxc5 Qxc5 41. Rxc5 f4) 38. Nf5 $11 Bxf5 39. Bxf5 gxf5 40. Rxc5 f4 41. Qc2 Rd8 42. Rc7 {Rxf7 is the strong threat.} Re7 43. Qf5 Qd6 44. Rfc1 {Black must now prevent Rxe7.} Qxd5 {( -> ...Qd1+!)} 45. h3 (45. Rxe7 $2 {[#] gets mated.} Qd1+ $1 {[%mdl 512]} 46. Rxd1 Rxd1#) 45... Qe6 46. Qe4 $40 {[%mdl 128] Strongly threatening Rxe7. White mounts an attack.} Rd6 $2 {[%mdl 8192]} (46... Kf8 $11) 47. Rxe7 $18 {White is clearly winning.} Qxe7 {[%mdl 4096] Endgame KQR-KQR} 48. Rc8+ Kf7 49. Rc7 Rd7 50. Qxb7 Ke6 51. Qc6+ Qd6 52. b7 Rxc7 53. Qxd6+ Kxd6 54. b8=Q {KQ-KR} Kd7 55. Qg8 Kd6 56. Qd8+ Rd7 57. Qxf6+ Kd5 58. Kg1 Rc7 59. Qd8+ Kc6 60. Kf2 Rd7 61. Qf6+ Kd5 62. Kf3 Kd4 63. Qf5 Re7 64. Qe4+ Kc5 65. Qc2+ Kd4 66. Qd2+ Kc5 67. Ke4 {Accuracy: White = 61%, Black = 51%.} 1-0

[Event "GAMMA Reykjavik Open 2019"]
[Site "Reykjavik"]
[Date "2019.04.11"]
[Round "2.11"]
[White "Thorfinnsson, Bjorn"]
[Black "Petrosian, Tigran L."]
[Result "0-1"]
[WhiteElo "2399"]
[BlackElo "2605"]
[Annotator "TA"]
[PlyCount "82"]
[EventDate "2019.04.04"]
[EventType "swiss"]
[EventCountry "ISL"]
[SourceTitle "playchess.com"]
[Source "ChessBase"]
[SourceQuality "1"]

{[%evp 11,82,14,14,0,-5,-23,-12,-20,-14,-24,-24,-31,-29,-27,-34,-35,-29,-45,-35,-50,-35,-35,-41,-44,-42,-43,-41,-42,-13,-13,-16,-12,-7,-5,-4,-18,-15,-41,-36,-32,-31,-43,-35,-32,-35,-42,-57,-42,-13,-13,-13,-17,-25,-31,-31,-162,-134,-143,-149,-143,-108,-238,-219,-408,-445,-480,-480,-815,-797,-1732,-1663,-1103,-1049]} 1. c4 e5 2. g3 c6 3. d4 Bb4+ 4. Bd2 Bxd2+ 5. Qxd2 d6 6. Nc3 Nf6 7. dxe5 {A20: English Opening: 1...e5} (7. Bg2 O-O 8. e3 Re8 9. Nge2 Nbd7 10. h3 Nf8 11. O-O e4 12. f4 exf3 13. Rxf3 h6 14. Raf1 N8h7 15. e4 Be6 {½-½ (72) Navara,D (2722)-Moiseenko,A (2715) Khanty-Mansiysk 2011}) 7... dxe5 8. Qxd8+ (8. Rd1 {keeps more tension.} Qxd2+ 9. Rxd2 O-O 10. Bg2 Re8 11. Nf3) 8... Kxd8 9. Nf3 {The position is equal.} Re8 10. Rd1+ Kc7 11. Ng5 Re7 12. Nge4 $146 ({Predecessor:} 12. e3 Bf5 13. Bg2 Nbd7 14. Nge4 Nxe4 15. Bxe4 {0-1 (45) Bejtovic,J (2397)-Nikolic,P (2612) Sarajevo 2013}) 12... Nxe4 13. Nxe4 Na6 14. Kd2 Rd7+ 15. Kc1 Rxd1+ 16. Kxd1 Bf5 17. Nc3 Nc5 18. Kc1 a5 19. b3 Ne4 (19... Rd8 {is more complex.} 20. Bg2 Rd4 21. Rd1 a4 22. Kb2 f6) 20. Nxe4 Bxe4 $11 {[%mdl 4096] Endgame KRB-KRB} 21. f3 Bf5 22. e4 Be6 23. Be2 Kb6 24. Kb2 Kc5 25. Rd1 a4 26. f4 axb3 27. axb3 {White wants to play f5.} g6 28. Rd2 Kb4 29. Bd1 b5 30. cxb5 cxb5 31. Bc2 Ra3 {[%cal Re6b3]} 32. Rd3 $1 Ra7 33. Rd8 (33. fxe5 $15 Kc5 34. Rd8) 33... exf4 $19 34. gxf4 {[#]} Rd7 $1 {[%cal Rd7d8]} 35. Rxd7 Bxd7 $17 {KB-KB} 36. h4 (36. Bd1 $17) 36... Bg4 $19 37. Bd3 $2 (37. Bb1 {was forced.}) 37... Kc5 38. Kc3 {Black is clearly winning.} b4+ 39. Kd2 (39. Kc2 $142 Kd4 40. Kd2) 39... Kd4 40. f5 gxf5 41. exf5 f6 {Accuracy: White = 31%, Black = 84%.} 0-1

[Event "GAMMA Reykjavik Open 2019"]
[Site "Reykjavik"]
[Date "2019.04.11"]
[Round "2.12"]
[White "Ragnarsson, Dagur"]
[Black "Van Foreest, Jorden"]
[Result "1/2-1/2"]
[WhiteElo "2380"]
[BlackElo "2598"]
[Annotator "TA"]
[PlyCount "88"]
[EventDate "2019.04.04"]
[EventType "swiss"]
[EventCountry "ISL"]
[SourceTitle "playchess.com"]
[Source "ChessBase"]
[SourceQuality "1"]

{[%evp 9,88,0,8,0,0,0,0,0,0,0,0,-2,0,0,4,0,8,4,6,8,6,11,18,9,11,12,11,4,20,0,15,7,6,7,17,0,24,17,26,14,19,-115,-115,-160,-166,-156,-149,-207,-210,-182,-8,-8,0,0,0,0,0,-29,-33,-38,0,0,0,0,0,0,0,0,0,0,0,0,0,0,0,0,0,0,0,0,0]} 1. d4 d5 2. c4 c6 3. Nf3 Nf6 4. Qb3 dxc4 5. Qxc4 Bg4 6. Qb3 {D23: Queen's Gambit Accepted: 3 Nf3 Nf6 sidelines} (6. Bf4 {looks sharper.} Nbd7 7. Nc3 e6 8. e3 Nb6 9. Qb3) (6. Nbd2 e6 7. g3 Nbd7 8. Bg2 Be7 9. O-O O-O 10. Qb3 b5 11. h3 Bh5 12. g4 Bg6 13. Nh4 Qb6 14. Nxg6 hxg6 {½-½ (63) Mamedyarov,S (2817)-Gozzoli,Y (2630) chess.com INT 2019}) 6... Qb6 7. e3 Nbd7 8. Nbd2 e6 9. Be2 Qxb3 10. Nxb3 a5 11. a4 $146 ({Predecessor:} 11. Bd2 Ne4 12. h3 Bf5 13. Nh4 a4 {0-1 (28) Kumar,N (2286)-Sonis,F (2448) Ortisei 2018}) 11... Bd6 12. O-O O-O 13. Bd2 Bc7 14. h3 Bf5 15. Rfc1 h6 16. Be1 Ne4 17. Nfd2 Nxd2 18. Bxd2 Rfd8 19. Be1 Bb6 20. Ra3 Bc7 21. Bf3 Bg6 22. Bc3 e5 23. d5 e4 24. dxc6 exf3 25. cxb7 (25. cxd7 $11 {was the only way to keep the balance.} fxg2 26. Bd4 Rxd7 27. Nc5) 25... Ra7 $17 26. Bxa5 Bxa5 27. Nxa5 Rxa5 28. Rc8 (28. Rd1 $17 Bf5 29. e4) 28... Rf8 $19 29. b4 Rd5 $2 (29... Ra7 $19 30. Rc7 Nb8 31. gxf3 Bf5) 30. gxf3 $11 Bd3 {[#] aiming for ...Ba6.} 31. Rac3 $36 {[%mdl 2048] White has good play.} Rg5+ 32. Kh2 Ba6 $1 {[%cal Ra6b7]} 33. h4 Rg6 {Hoping for ...Rb6.} 34. R3c7 Bxb7 (34... Rb6 $5 {[%cal Ra6b7]} 35. Rxd7 Bxb7 36. Rxf8+ Kxf8 $15) 35. Rxf8+ {The position is equal.} Kxf8 36. Rxb7 $15 {[%mdl 4096] Endgame KRN-KR} Ne5 37. f4 $1 {[%cal Rf4e5]} Ng4+ 38. Kg3 Nxe3+ 39. Kf3 Nf5 40. b5 $1 Re6 41. a5 {Strongly threatening b6.} Nd6 $1 {[%cal Rd6b7]} ({Don't blunder} 41... Nxh4+ $2 42. Kg4 $18) 42. Rb6 $1 Ke7 {Threatens to win with ...Re1.} 43. a6 Nxb5 $1 {[%mdl 64] [#] Remove Defender} 44. Rxb5 {And now Re5 would win.} Rxa6 {Accuracy: White = 54%, Black = 58%.} 1/2-1/2

[Event "GAMMA Reykjavik Open 2019"]
[Site "Reykjavik"]
[Date "2019.04.11"]
[Round "2.13"]
[White "Cummings, David H."]
[Black "Christiansen, Johan-Sebastian"]
[Result "0-1"]
[WhiteElo "2338"]
[BlackElo "2571"]
[Annotator "TA"]
[PlyCount "78"]
[EventDate "2019.04.04"]
[EventType "swiss"]
[EventCountry "ISL"]
[SourceTitle "playchess.com"]
[Source "ChessBase"]
[SourceQuality "1"]

{[%evp 14,78,8,0,3,-12,0,0,0,0,0,0,0,0,0,0,32,0,0,-7,0,0,0,0,0,0,8,0,9,0,0,0,0,0,0,0,0,0,0,-26,-28,-27,-32,-154,-137,-152,-141,-160,-155,-295,-261,-462,-447,-418,-323,-273,-229,-351,-341,-318,-230,-230,-225,-29996,-29997,-29997,-29998]} 1. c4 e5 2. Nc3 Nc6 3. Nf3 Nf6 4. e4 Bb4 5. d3 O-O 6. a3 {A28: English Opening: Four Knights Variation} Bxc3+ 7. bxc3 d6 8. g3 {LiveBook: 12 Games. The position is equal.} a6 $146 ({Predecessor:} 8... Nd7 9. Nh4 Nc5 10. Bg2 Ne7 11. Be3 Be6 12. O-O Qd7 13. f4 exf4 14. gxf4 {1-0 (44) Ghaem Maghami,E (2537)-Zhigalko,S (2604) St Petersburg 2018}) 9. Rb1 Na5 10. Bg2 Bd7 11. O-O b5 12. cxb5 axb5 13. Nh4 h6 14. Nf5 d5 15. g4 dxe4 16. dxe4 Nc4 17. g5 hxg5 18. Bxg5 Ra6 19. Qe2 Re8 20. Rfd1 {Black must now prevent a4!} Qc8 21. Bh3 {[#] Bxf6 is the strong threat.} Nd6 22. Rxd6 $1 Rxd6 23. Nxd6 cxd6 24. Bxd7 Nxd7 25. Qxb5 Nf8 {With the idea ...Qg4+.} 26. Qe2 Qxc3 27. a4 Ra8 28. Rd1 ({White should play} 28. Qd1 $15) 28... Ne6 29. Be3 Qc6 30. Qd3 Rxa4 31. Qxd6 (31. f3 $17 {was called for.}) 31... Qxe4 $19 32. Rc1 $2 (32. Qb8+ Nf8 33. Qb3) 32... Qg4+ 33. Kf1 Qh3+ 34. Ke1 Qxh2 {And now ...Qh1+ would win.} 35. Rc8+ (35. Kd2 $142 Ra2+ 36. Rc2) 35... Kh7 36. Qd5 Ra1+ 37. Kd2 Qh1 38. Qxe5 $2 {[#]} (38. Qxh1+ $19 Rxh1 39. Re8) 38... Qd1+ 39. Kc3 Ra3+ {Accuracy: White = 36%, Black = 57%.} 0-1

[Event "GAMMA Reykjavik Open 2019"]
[Site "Reykjavik"]
[Date "2019.04.11"]
[Round "2.14"]
[White "Gretarsson, Hjorvar Steinn"]
[Black "Sarkar, Justin"]
[Result "0-1"]
[WhiteElo "2571"]
[BlackElo "2337"]
[Annotator "TA"]
[PlyCount "90"]
[EventDate "2019.04.04"]
[EventType "swiss"]
[EventCountry "ISL"]
[SourceTitle "playchess.com"]
[Source "ChessBase"]
[SourceQuality "1"]

{[%evp 15,90,8,25,-32,18,20,18,19,37,20,18,-5,-12,-24,-9,-12,0,-6,0,-2,-2,0,0,0,0,0,-8,-8,0,-8,23,-109,-100,-105,-94,-147,-132,-165,-156,-161,-158,-160,-160,-160,-160,-191,-191,-393,-399,-403,-368,-372,-357,-363,-303,-291,-279,-278,-277,-266,-267,-232,-206,-145,-52,-143,11,14,15,18,64,58,70,-425,-424,-1885,-1415]} 1. c4 Nf6 2. Nc3 e5 3. e3 d6 4. d4 Nbd7 5. g3 g6 6. Bg2 Bg7 7. Nge2 O-O 8. O-O Re8 9. b4 {E61: King's Indian: Early deviations for White, including Smyslov System} (9. b3 $11) (9. Qc2 Qe7 10. b3 e4 11. Bb2 c6 12. d5 c5 13. a3 Nf8 14. b4 b6 15. bxc5 bxc5 16. Rab1 g5 17. Ba1 {0-1 (37) Dubov,D (2661)-Onischuk,V (2612) Berlin 2015}) 9... e4 10. Qc2 {[%cal Rc3e4]} Qe7 11. a4 {The position is equal.} Nf8 12. h3 h5 13. Nf4 $146 ({Predecessor:} 13. Ba3 N8h7 14. Kh2 Bf5 15. Ng1 Qd7 16. b5 Ng5 17. Qe2 {½-½ (29) Pierer,C (2070)-Schaefer,M (2150) Bayern 2001}) 13... Bf5 14. Qe2 Qd7 15. Kh2 Ne6 16. Nxe6 Qxe6 17. Bb2 c6 18. b5 d5 19. bxc6 bxc6 20. cxd5 cxd5 21. Nb5 {Threatens to win with Nc7.} Rec8 22. Ba3 Ne8 23. Bb4 (23. Rfc1 $11) 23... a6 $1 $36 {[%mdl 2048] Black is on the roll.} 24. Na3 Nf6 25. Rfc1 (25. Rab1 $142) 25... Nh7 $1 26. Nc2 Ng5 {[%cal Rf5h3]} 27. Qf1 Rc4 28. Bd2 Rac8 29. Ne1 Rxc1 30. Bxc1 Bf8 $1 31. Bd2 $2 (31. h4 Nh7 32. Qe2) 31... h4 $19 32. g4 Bd6+ 33. Kh1 {[#]} Bxg4 $1 {[%mdl 512]} 34. hxg4 h3 $1 {[%cal Rh3g2]} 35. f4 Qxg4 36. fxg5 Qg3 {[%csl Gd6][%cal Rg3h2]} 37. Qg1 {Black must now prevent Bf1.} hxg2+ 38. Qxg2 Qh4+ 39. Kg1 {[#]} Kg7 (39... Bg3 $1 $17 40. Rd1 Kg7) 40. Kf1 ({White should play} 40. Ba5 $1 $15) 40... Rh8 $2 (40... Bg3 $17 41. Rb1 Rh8) 41. Nc2 $1 $11 f5 42. Be1 Qh5 43. Rb1 $1 {[%cal Rb1b7] Strongly threatening Rb7+.} Rc8 $1 {White should prevent ...f4.} 44. Rb6 $2 {[%mdl 8192] [#]} (44. Rb3 $14 {keeps the upper hand.}) 44... f4 $1 $19 {[%cal Rf4f3] ( -> ...f3)} 45. exf4 {[#]} ({Don't play} 45. Rxd6 f3) (45. Qf2 $142 Rxc2 46. Rb7+ Rc7 47. Rxc7+ Bxc7 48. exf4) 45... Rxc2 $1 {[%mdl 512] Accuracy: White = 43%, Black = 64%.} 0-1